| 000 | 02803nam a2200433Ii 4500 | ||
|---|---|---|---|
| 001 | DIGPOLIF0080 | ||
| 003 | NyNyDIG | ||
| 006 | m o d | ||
| 007 | cr ||||||||||| | ||
| 008 | 131001s2011 sp a ob 000 0 spa d | ||
| 020 | _z9788496813571 | ||
| 020 | _z8496813576 | ||
| 035 | _a(OCoLC)888274073 | ||
| 040 |
_aDGITA _beng _epn _cDGITA |
||
| 043 |
_anc----- _an-mx--- _acl----- |
||
| 050 | 1 | 4 | _aF1412 eBook |
| 245 | 0 | 0 |
_aSangre de Ley : _bjusticia y violencia en la institucionalización del Estado en América Latina, siglo XIX / _cMarta Irurozqui y Mirian Galante (eds.). |
| 264 | 1 |
_aMadrid : _bEdiciones Polifemo, _c2011. |
|
| 300 |
_a1 online resource (364 pages) : _bill. |
||
| 336 |
_atext _btxt _2rdacontent |
||
| 337 |
_acomputer _bc _2rdamedia |
||
| 338 |
_aonline resource _bcr _2rdacarrier |
||
| 490 | 1 |
_aColección Pasaje América; _v1. |
|
| 500 | _aCollected essays. | ||
| 504 | _aIncludes bibliographical references (p. 333-359). | ||
| 505 | 0 | 0 | _aIntroducción / Marta Irurozqui y Mirian Galante -- 1. Ritos de Estado: violencia y soberanía en Hispanoamérica, 1789-1821 / Jeremy Adelman -- 2. La ley y la sangre: la "guerra de razas" y la Constitutción / Clément Thibaud -- 3. "Reformar útilmente la justicia": jueces y leyes en la construcción del Estado en Buenos Aires en la década de 1820 / Magdalena Candioti -- 4. Libertad de imprenta y ley penal en los orígenes del Estado colombiano (1810-1851) / Alejandro Londoño -- 5. Municipios y construcción del Estado (Tlaxcala, 1824-1826): definición ante la ley y administración de justicia / Mirian Galante -- 6. La fuerza de la ley: leyes, justicias y resistencias en la imposición de la propiedad privada en México, segunda mitad del siglo XIX / Daniela Marino -- 7. La justicia del pueblo: ciudadanía armada y movilización social / Marta Irurozqui -- 8. Entre la organización nacional, la política y las revoluciones: las fuerza militares durante la presidencia de Domingo Faustino Sarmiento (1868-1874) / Flavia Macías -- 9. La violencia en la política peruana: el asesinato del Presidente José Balta y sus hermanos (Perú, julio de 1872) / Víctor Peralta Ruiz -- Bibliografía -- Autores -- Índice. |
| 651 | 0 |
_aLatin America _xPolitics and government _y19th century. |
|
| 651 | 0 |
_aLatin America _xHistory _y19th century. |
|
| 650 | 0 |
_aPolitical violence _zLatin America _xHistory _y19th century. |
|
| 655 | 0 | _aElectronic books. | |
| 700 | 1 | _aIrurozqui, Marta. | |
| 700 | 1 | _aGalante, Mirian. | |
| 791 | 2 |
_aDigitalia (Firm), _edistributor. |
|
| 830 | 0 |
_aPasaje América; _v1, |
|
| 793 | 0 |
_gDigitalia eBook Collection: _aEdiciones Polifemo. |
|
| 856 | 4 | 0 |
_3Digitalia Hispánica _uhttps://www.digitaliapublishing.com/a/18948/ |
| 910 | _aPremium Collection: 2007-2012 | ||
| 942 | _cRAA | ||
| 999 |
_c236175 _d236175 |
||